Penzión s reštauráciou – Cesta na Červený most

Uložené v:
Podrobná bibliografia
Hlavný autor: Baláž, Peter, 1982- (Autor)
Ďalší autori: Krajcsovics, Lorant, 1979- (Vedúci práce)
Médium: Rukopis Kniha
Jazyk:Slovak
Vydavateľské údaje: Bratislava : STU v Bratislave FA, 2010
Predmet:
On-line prístup:VAIS
Tagy: Pridať tag
Žiadne tagy, Buďte prvý, kto otaguje tento záznam!

MARC

LEADER 00000ntm a22000003a 4500
001 stu218308
005 20210727073437.0
008 101203s2010----xo------------------slo-d
040 |a STU  |b slo 
041 0 |a slo 
044 |a xo 
100 1 |a Baláž, Peter,  |d 1982-  |4 aut  |u A  |T FAD Fakulta architektúry  |X 17941  |U A  |Y 50  |7 A000017941 
242 0 0 |a Penzion Red Bridge.  |y eng 
245 1 |a Penzión s reštauráciou – Cesta na Červený most 
260 |a Bratislava :  |b STU v Bratislave FA,  |c 2010 
650 7 |a architektúra a urbanizmus  |2 stusub 
650 7 |a Architecture and Urban Design  |2 estusub 
650 7 |a flexibility  |2 estusub 
650 7 |a penzión  |2 stusub 
650 7 |a reštaurácia  |2 stusub 
700 1 |a Krajcsovics, Lorant,  |d 1979-  |4 ths  |u A2120  |U FAD Fakulta architektúry  |U FAD Fakulta architektúry  |T FA Ústav ekologickej a experimentálnej architektúry  |X 4831  |U A2120  |Y 393  |7 A000004831 
856 4 |a info a plný text  |u http://is.stuba.sk/zp/portal_zp.pl?podrobnosti=47436  |u https://opac.crzp.sk/?fn=detailBiblioForm&sid=4156E77560192824B2651C96D6BB  |3 VAIS